1634 1791 1805 1982 1120 1546 1538 1233 1603 1459 1927 1234 1236 1611 1436 1875 1256 1174 1332 1684 1242 1659 1603 1475 1951 1256 1598 1400 1256 1467 1812 1762 1006 1128 1092 1790 1041 1114 1341 1851 1523 1167 1598 1956 1580 1546 1765 1458 1243 1109 1399 1670 1348 1085 1374 1980 1043 1019 1716 1495 1399 1687 1348 1935 1732 1928 1943 1571 1382 1980 1593 1655 1106 1277 1650 1117 1813 1212 1949 1752 1190 1811 1276 1424 1038 1416 1361 1266 1745 1289 1316 1444 1210 1288 1804 1841 1719 1127 1032 BCNSPRNW ULIB Ver.6.0+V

เปลี่ยนเป็นภาษาไทย

Change to English
 แสดงรายละเอียดบรรณานุกรม
  กลับหน้าหลัก

Brief Record : Get Marc (ISO 2709) : E-mail record : QR code < ปิดหน้าต่าง
LEADER : 00000nam 2200000uu 4500
001    13399114892
003     ULIB
008    120619s||||||||th 000 0 tha d
020    9749399412
099    นว.^bอ653
100 0  อาริตา
245 00 เชลยรักทะเลทราย ^cอาริตา
945    ^p260^l0^i019247
999 ^a ใช้งานได้ทุกระบบ
รายการนี้ยังไม่มีแท็ก
คุณยังไม่ได้ล็อกอิน คุณสามารถมีกิจกรรมร่วมกับเว็บไซต์ได้ แต่ต้องล็อกอินก่อน ::
  ล็อกอิน

รายการสื่อสารสนเทศ

ลำดับที่ ประเภท เลขเรียก/บาร์โค้ด สถานที่ สถานะ
1. วิทยาศาสตร์การแพทย์ และสุขภาพ
วิทยาศาสตร์การแพทย์ และสุขภาพ
นว. อ653  
  Barcode: 019247
ห้องสมุดวิทยาเขตสวรรค์ประชารักษ์
►นวนิยาย
บนชั้น
  ขอยืม

รายการใกล้เคียง
    ผู้แต่ง [อาริตา]

BibComment


ยังไม่เคยถูกคอมเมนท์

คอมเมนท์ทรัพยากรรายการนี้
  คอมเมนท์: เชลยรักทะเลทราย ..


 Copyright 2026. Bcnsprnw @Library